000 00571nam a2200205Ia 4500
005 20250326141416.0
008 250326s9999 xx 000 0 und d
020 _a0-673-39827-7
037 _aTextbook
040 _aFMSL
_beng
_cFMSL
041 _aeng
_2eng
084 _aX:71 M9
_qFMSL
100 _aBrowning Edgar K
245 0 _aMicro economic theory and applications.
_cBrowning Edgar K; Browning Jacquelene M
250 _a3
260 _aUSA
_bUSA, Scott Foresman
_c1989
300 _a637p
942 _cTB
_hX:71 M9
999 _c1290171
_d1290171